University Home | Library Home | Institutional Repository

Special libraries: development of the concept, their organizations, and their services. (Record no. 167186)

MARC details
000 -LEADER
fixed length control field 00728cam8a220022900 4500
001 - CONTROL NUMBER
control field lce00637390
008 - FIXED-LENGTH DATA ELEMENTS--GENERAL INFORMATION
fixed length control field 700901s1968 nju b 000 0 eng
010 ## - LIBRARY OF CONGRESS CONTROL NUMBER
LC control number 68012628
035 ## - SYSTEM CONTROL NUMBER
System control number (Sirsi) r62414
035 ## - SYSTEM CONTROL NUMBER
System control number (DLC) 68012628
035 ## - SYSTEM CONTROL NUMBER
System control number (UPRA)lce00637390
050 0# - LIBRARY OF CONGRESS CALL NUMBER
Classification number Z675.A2
Item number J57
082 ## - DEWEY DECIMAL CLASSIFICATION NUMBER
Classification number 026
100 1# - MAIN ENTRY--PERSONAL NAME
Personal name Johns, Ada Winifred.
Linkage A22129.1
245 10 - TITLE STATEMENT
Title Special libraries: development of the concept, their organizations, and their services.
260 ## - PUBLICATION, DISTRIBUTION, ETC.
Place of publication, distribution, etc. Metuchen, N.J.,
Name of publisher, distributor, etc. Scarecrow Press,
Date of publication, distribution, etc. 1968.
504 ## - BIBLIOGRAPHY, ETC. NOTE
Bibliography, etc. note Includes bibliographies.
650 #0 - SUBJECT ADDED ENTRY--TOPICAL TERM
Topical term or geographic name entry element Special libraries.
Linkage S2551.1
650 #0 - SUBJECT ADDED ENTRY--TOPICAL TERM
Topical term or geographic name entry element Engineering libraries.
Linkage S15560.1
949 ## - LOCAL PROCESSING INFORMATION (OCLC)
a Z675.A2
w lcc
i -82316
m MAIN
t BOOK
l ON-SHELF

No items available.

© 2026 - The University of Zambia Library - Koha v25.11